Liquid crystals : (Record no. 27021)

MARC details
000 -LEADER
fixed length control field 01506cam a22003011i 4500
001 - CONTROL NUMBER
control field 581169
003 - CONTROL NUMBER IDENTIFIER
control field EG-ScBUE
005 - DATE AND TIME OF LATEST TRANSACTION
control field 20250528090755.0
008 - FIXED-LENGTH DATA ELEMENTS--GENERAL INFORMATION
fixed length control field 900116t1990 njuaf f b 001 0 eng d
020 ## - INTERNATIONAL STANDARD BOOK NUMBER
International Standard Book Number 9780691024295 (alk. paper)
020 ## - INTERNATIONAL STANDARD BOOK NUMBER
International Standard Book Number 0691024294 (pbk. : alk. paper)
040 ## - CATALOGING SOURCE
Original cataloging agency EG-ScBUE
Language of cataloging eng
Description conventions rda
Transcribing agency EG-ScBUE
Modifying agency EG-ScBUE
082 04 - DEWEY DECIMAL CLASSIFICATION NUMBER
Classification number 530.429
Item number COL
Edition number 22
100 1# - MAIN ENTRY--PERSONAL NAME
Personal name Collings, Peter J.,
Dates associated with a name 1947-
9 (RLIN) 41949
Relator term author.
245 10 - TITLE STATEMENT
Title Liquid crystals :
Remainder of title nature's delicate phase of matter /
Statement of responsibility, etc by Peter J. Collings.
264 #1 - PUBLICATION, DISTRIBUTION, ETC. (IMPRINT)
Place of publication, distribution, etc Princeton, New Jersey :
Name of publisher, distributor, etc Princeton University Press,
Date of publication, distribution, etc [1990]
264 #4 - PUBLICATION, DISTRIBUTION, ETC. (IMPRINT)
Date of publication, distribution, etc c1990
300 ## - PHYSICAL DESCRIPTION
Extent xiii, 222 pages, [8] pages of plates :
Other physical details illustrations (some color) ;
Dimensions 23 cm
336 ## - CONTENT TYPE
Source rdacontent
Content type term text
Content type code txt
337 ## - MEDIA TYPE
Media type term unmediated
Source rdamedia
Media type code n
338 ## - CARRIER TYPE
Carrier type term volume
Carrier type code nc
Source rdacarrier
504 ## - BIBLIOGRAPHY, ETC. NOTE
Bibliography, etc Includes bibliographical references and index.<br/>
520 ## - SUMMARY, ETC.
Summary, etc Liquid crystals are a phase of matter critical both in many recent scientific developments in biology, chemistry, and physics and in applications such as computer displays, electronic books, and new thermometers. This fully illustrated book builds on basic scientific concepts from biology, chemistry, and physics to explore the full range of the broad and interdisciplinary field of liquid crystal science.
650 #7 - SUBJECT ADDED ENTRY--TOPICAL TERM
Topical term or geographic name as entry element Liquid crystals.
Source of heading or term BUEsh
9 (RLIN) 4312
655 ## - INDEX TERM--GENRE/FORM
Form subdivision Reading book
856 42 - ELECTRONIC LOCATION AND ACCESS
Materials specified Publisher description
Uniform Resource Identifier <a href="http://www.loc.gov/catdir/description/prin031/90030758.html">http://www.loc.gov/catdir/description/prin031/90030758.html</a>
942 ## - ADDED ENTRY ELEMENTS (KOHA)
Source of classification or shelving scheme Dewey Decimal Classification
Koha item type Book - Borrowing
Holdings
Withdrawn status Lost status Source of classification or shelving scheme Damaged status Not for loan Collection code Home library Current library Shelving location Date acquired Source of acquisition Cost, normal purchase price Total Checkouts Full call number Barcode Date last seen Koha item type
    Dewey Decimal Classification     Baccah Central Library Central Library First floor 21/11/2018 Purchase 1100.00   530.429 COL 000044017 15/07/2025 Book - Borrowing